00433 a2200133 4500001001000000005001700010008004100027245008500068100002400153700003100177700003100208773004300239999001700282ART_2619520260410161936.0260409a 10aLa recuperación industrial del aglomerado Gran Rosario a inicios del siglo XXI1 aBáscolo, Paula J.1 aGhilardi, María Fernanda1 aSecreto, María Florencia0 tSaberEsg- Nº 1 (jun. 2009)wREV26089 c29087d29087